Organització de l'àmbit de la gestió econòmica : Assistència a la formació Econòmica Local : formació per a responsables econòmics municipals Assistència a la formació Econòmica Local :

Descripció física: 194 p. : quadres ; 29 cm

MARC

LEADER 00000nam a2200000Ia 4500
001 21228
008 160829s2009 xx 000 0 cat d
080 |a M-6-169 
245 |a Organització de l'àmbit de la gestió econòmica :  |b  Assistència a la formació Econòmica Local :  |b  formació per a responsables econòmics municipals 
260 |a Barcelona :  |b Diputació de Barcelona. Àrea d'Hisenda i Recursos Interns. Intervenció General. Servei d'Assistència a la Gestió Econòmica Local,  |c 2009 
300 |a 194 p. :  |b  quadres ;  |c 29 cm 
650 |a Política econòmica  |x Manuals, guies, etc.  |9 43160 
710 1 |a Barcelona (Catalunya : Província).  |b Servei d’Assistència a la Gestió Econòmica Local  |9 53081 
901 |a Arxiu 
942 |n 1 
952 |0 0  |1 0  |4 0  |6 M6169  |7 1  |9 52424  |a Arxiu  |b Arxiu  |d 2016-12-01  |l 0  |o M-6-169  |p 21228  |r 2016-12-01 00:00:00  |w 2016-12-01  |y ARXIU 
999 |c 56272  |d 56272